10 largest cities in Italy - Statistics

General Stats
  • This quiz has been taken 73 times
  • The average score is 8 of 10
Answer Stats
Population Answer % Correct
2.754.719 Rome
100%
1.371.850 Milan
96%
911.697 Naples
94%
846.926 Turin
93%
363.837 Florence
91%
628.894 Palermo
85%
561.947 Genoa
75%
390.518 Bologna
70%
316.212 Bari
67%
298.209 Catania
45%
No matching quizzes found
Score Distribution
Percent of People with Each Score
Percentile by Number Answered
Your Score History
You have not taken this quiz